2024/2025 Premier League Goalscorers: Gameweek 18 - Statistics

General Stats
  • This quiz has been taken 35 times
  • The average score is 15 of 17
Answer Stats
Fixture Club Score Goalscorer % Correct
Chelsea v Fulham Chelsea 1-0 Cole Palmer
100%
Newcastle v Aston Villa Newcastle 2-0 Alexander Isak
97%
Arsenal v Ipswich Arsenal 1-0 Kai Havertz
97%
Liverpool v Leicester Liverpool 3-1 Mohamed Salah
97%
Newcastle v Aston Villa Newcastle 1-0 Anthony Gordon
93%
Manchester City v Everton Manchester City 1-0 Bernardo Silva
93%
Manchester City v Everton Everton 1-1 Iliman Ndiaye
93%
Southampton v West Ham West Ham 1-0 Jarrod Bowen
93%
Wolves v Manchester United Wolves 1-0 Matheus Cunha
93%
Chelsea v Fulham Fulham 2-1 Rodrigo Muniz
93%
Liverpool v Leicester Liverpool 1-1 Cody Gakpo
90%
Nottingham Forest v Tottenham Nottingham Forest 1-0 Anthony Elanga
86%
Liverpool v Leicester Liverpool 2-1 Curtis Jones
86%
Newcastle v Aston Villa Newcastle 3-0 Joelinton
86%
Liverpool v Leicester Leicester 1-0 Jordan Ayew
86%
Chelsea v Fulham Fulham 1-1 Harry Wilson
83%
Wolves v Manchester United Wolves 2-0 Hwang Hee-chan
83%
No matching quizzes found
Score Distribution
Percent of People with Each Score
Percentile by Number Answered
Your Score History
You have not taken this quiz